01831nam a2200373 a 4500001001200000003000800012006001900020007001500039008004100054010001700095020003100112020002700143040002100170035002100191043002100212050002400233082001600257100002400273245008400297260013600381300003000517504005100547505026100598533015200859650004301011650005801054650004501112650006501157651004401222655002901266710001701295856012601312999001901438ebr10488319CaPaEBRm u cr cn|||||||||101216s2011 ilubc sb 001 0 eng d z 2010048651 z9781608461288 (alk. paper) z9781608461714 (e-book) aCaPaEBRcCaPaEBR a(OCoLC)754333941 an-us-akan-us---14aE99.E7bS463 2011eb04a979.8/72221 aShearer, Christine.10aKivalinah[electronic resource] :ba climate change story /cChristine Shearer. aChicago, Ill. :bHaymarket Books ;a[St. Paul, Minn.] :bDistributed to the trade by Consortium Book Sales and Distribution,c2011. avii, 199 p. :bmap, port. aIncludes bibliographical references and index.0 aThe science of persuasion. -- Blueprint for denial -- Shaping legality -- The industrial revolution and climate change. -- Fossilized fuels and U.S. power -- Global what? -- Kivalina. -- The human face of global warming -- Relocation in a neoliberal state. aElectronic reproduction.bPalo Alto, Calif. :cebrary,d2011.nAvailable via World Wide Web.nAccess may be limited to ebrary affiliated libraries. 0aInupiatxRelocationzAlaskazKivalina. 0aClimatic changesxEconomic aspectszAlaskazKivalina. 0aEnvironmental justicezAlaskazKivalina. 0aClimate change mitigationxGovernment policyzUnited States. 0aKivalina (Alaska)xEconomic conditions. 7aElectronic books.2local2 aebrary, Inc.40uhttp://site.ebrary.com/lib/rucke/Doc?id=10488319zAn electronic book accessible through the World Wide Web; click to view c123436d123436